Wisconsin County Seats - Statistics

General Stats
  • This quiz has been taken 59 times
  • The average score is 44 of 72
Answer Stats
County County Seat % Correct
Outagamie Appleton
100%
Milwaukee Milwaukee
100%
Racine Racine
100%
Eau Claire Eau Claire
95%
Fond du Lac Fond du Lac
95%
Dane Madison
95%
Ashland Ashland
90%
Chippewa Chippewa Falls
90%
Brown Green Bay
90%
La Crosse La Crosse
90%
Winnebago Oshkosh
90%
Sheboygan Sheboygan
90%
Waukesha Waukesha
90%
Kenosha Kenosha
86%
Oneida Rhinelander
86%
Marathon Wausau
86%
Rock Janesville
81%
Manitowoc Manitowoc
81%
Door Sturgeon Bay
81%
St. Croix Hudson
76%
Columbia Portage
76%
Shawano Shawano
76%
Portage Stevens Point
76%
Douglas Superior
76%
Bayfield Washburn
76%
Barron Barron
71%
Marinette Marinette
71%
Oconto Oconto
71%
Sauk Baraboo
67%
Kewaunee Kewaunee
67%
Ozaukee Port Washington
67%
Waupaca Waupaca
67%
Wood Wisconsin Rapids
67%
Green Lake Green Lake
62%
Jefferson Jefferson
62%
Dodge Juneau
62%
Dunn Menomonie
62%
Green Monroe
62%
Crawford Prairie du Chien
62%
Jackson Black River Falls
57%
Iowa Dodgeville
57%
Walworth Elkhorn
57%
Richland Richland Center
57%
Washington West Bend
57%
Florence Florence
52%
Langlade Antigo
48%
Lafayette Darlington
48%
Vilas Eagle River
48%
Adams Friendship
48%
Lincoln Merrill
48%
Monroe Sparta
48%
Pepin Durand
43%
Iron Hurley
43%
Juneau Mauston
43%
Vernon Viroqua
43%
Forest Crandon
38%
Sawyer Hayward
38%
Taylor Medford
38%
Marquette Montello
38%
Calumet Chilton
33%
Menominee Keshena
33%
Grant Lancaster
33%
Clark Neillsville
33%
Burnett Siren
33%
Waushara Wautoma
33%
Buffalo Alma
29%
Rusk Ladysmith
29%
Price Phillips
29%
Trempealeau Whitehall
29%
Polk Balsam Lake
24%
Washburn Shell Lake
24%
Pierce Ellsworth
19%
No matching quizzes found
Score Distribution
Percent of People with Each Score
Percentile by Number Answered
Your Score History
You have not taken this quiz